000 00341nam a2200133Ia 4500
005 20260328101447.0
008 260328s9999||||xx |||||||||||||| ||und||
100 _aGalindo, Michelle
245 0 _a1000 X Architecture of the Americas /
_cMichelle Galindo
260 _bBraun
300 _a1022 p.
650 _aARQUITECTURA CIVIL
942 _cBK
999 _c8517
_d8517